000 00633nam a22002057a 4500
003 0
005 20241016155707.0
008 241016b xxu||||| |||| 00| 0 eng d
020 _a9781984688767
050 _aTK 5105.888
_b.F68 2024
100 _aFournier, Eric,
_eauthor.
245 _aTheory, practice and tehniques in web development /
_cEric Fournier.
250 _a2nd ed.
260 _aNew York, NY :
_b3G E-Learning LLC,
_c2024.
300 _axi, 339 p. :
_bcol. ill. ;
_c26 cm.
504 _aIncludes bibliographical references and index.
650 _aInteractive multimedia.
650 _aWeb sites.
942 _2lcc
_cBK
999 _c366574
_d366574